00414pab a2200157 454500008004000000100001800040245008400058260000900142300001500151362001200166650001100178650001400189650001600203700002000219773001700239180718b2017 xxu||||| |||| 00| 0 eng d aTagade, Nitin aFood and nutrition security: an exercise in locating ground-truth among tribals c2017 ap.214-227. aJul-Sep aTribes aNutrition aFood supply aDeshpande, R.S. aProductivity